Statistics for The Seven Continents Map Quiz - 15 Seconds

Click here to take the quiz!

General Stats

  • This quiz has been taken 6,570 times
  • The average score is 6 of 7

Answers on the Map

Answers color-coded by a green-red scale on the quiz's map according to % correct below.
Loading ...
 

Answer Stats

Answer% Correct
Europe
96%
Asia
95%
North America
95%
South America
94%
Africa
92%
Antarctica
88%
Australia (Oceania)
88%

Score Distribution

Percentile by Number Answered

Percent of People with Each Score

Your Score History

You have not taken this quiz